• 首页
  • 本馆介绍
  • 公告通知
  • 最新文献
  • 馆藏检索
  • 电子资源
  • 读者导购
  • 参考咨询
  • 我的图书馆
  • 登录
  • 详细信息显示
  • 放入我的书架
  • 预约/预借图书
  • 作者相关作品
  • 分类相关作品
  • 丛书相关作品
  • 出版社相关作品

书目信息

  • 表格格式
  • 工作单格式
  • 卡片格式
题名:
办好师范教育 发展教育科学
    
 
作者: ;全国教育学研究会 编
分册:  
出版信息: 北京   人民教育出版社  1980
页数: 134页
开本: 19cm
丛书名:
单 册:
中图分类: G65
科图分类:
主题词: 师范教育--中国--文集
电子资源:
ISBN:
000 00763nam0 2200229 45
001 0180000341
005 20060516091437.67
010    @dCNY0.31
091    @a7012.071
100    @a19950717d1980 em y0chiy0121 ea
101 0  @achi
102    @aCN@b110000
105    @ay z 000yy
200 10 @a办好师范教育 发展教育科学@Aban hao shi fan jiao yu fa zhan jiao yu ke xue@f全国教育学研究会编@Fquan guo jiao yu xue yan jiu hui bian
210    @a北京@c人民教育出版社@d1980
215    @a134页@d19cm
517 1  @a办好师范教育发展教育科学@Aban hao shi fan jiao yu fa zhan jiao yu ke xue
606    @a师范教育@y中国@x文集
690    @aG65@v3
711 02 @a全国教育学研究会@Aquan guo jiao yu xue yan jiu hui@4编
801  0 @aCN@bTSSF@c20060516
905    @a10447@dG65@e3
    
    办好师范教育 发展教育科学/全国教育学研究会编.-北京:人民教育出版社,1980
    134页;19cm
    
    
    ISBN :CNY0.31
    
●
相关链接 在E读中查询图书 在五车中查询图书 在当当中查询图书 在豆瓣中查询图书


正题名:办好师范教育 发展教育科学     索取号:G65/3         预约/预借

序号 登录号 条形码 馆藏地/架位号 状态 备注
1 0028935   202262452   密集书库/ [索取号:G65/3] 在馆    
2 0028936   202173904   密集书库/ [索取号:G65/3] 在馆    
3 0028937   202349379   密集书库/ [索取号:G65/3] 在馆    
4 0028938   202173600   密集书库/ [索取号:G65/3] 在馆    
5 0028939   202262087   密集书库/ [索取号:G65/3] 在馆    
唐山师范学院图书馆 欢迎您!
大连网信软件有限公司© 版权所有